[Event "GER-chT U18 Girls"]
[Site "Germany"]
[Date "2011.05.15"]
[Round "7.4"]
[White "Kauselmann, Laura"]
[Black "Schwind, Clara"]
[Result "0-1"]
[WhiteElo "899"]
[BlackElo "1313"]
[PlyCount "116"]
[EventDate "2011.05.13"]
[EventType "team-swiss"]
[EventRounds "7"]
[EventCountry "GER"]
[SourceTitle "EXT 2012"]
[Source "ChessBase"]
[SourceDate "2011.11.24"]
[SourceVersion "1"]
[SourceVersionDate "2011.11.24"]
[SourceQuality "1"]
[WhiteTeam "Stein Koenigsberg (W)"]
[BlackTeam "Aschaffenburg FDG (W)"]
[WhiteTeamCountry "GER"]
[BlackTeamCountry "GER"]

1. e4 d5 2. Nc3 dxe4 3. Nxe4 Nc6 4. Bc4 Qd4 5. Qe2 Ne5 6. d3 Nxc4 7. dxc4 Bf5 8. f3 0-0-0 9. c3 Qd3 10. Bf4 Qxe2+ 11. Nxe2 e6 12. 0-0 Bxe4 13. fxe4 Bc5+ 14. Kh1 Nf6 15. Ng3 Ng4 16. h3 Nf2+ 17. Kh2 Nd3 18. Bd2 Nxb2 19. Rxf7 Rxd2 20. Rxg7 Nxc4 21. Nf1 Bd6+ 22. Kh1 Re2 23. Ng3 Bxg3 24. Rxg3 Rxe4 25. Rf1 Nd6 26. Rgf3 Kd7 27. Rd1 Ke7 28. Rdf1 Rg8 29. R1f2 Re5 30. g4 c6 31. Kh2 Reg5 32. Rg2 b5 33. Rf4 e5 34. Rb4 e4 35. Ra4 a6 36. a3 Kd7 37. Rd4 Ke6 38. Rd1 Ke5 39. Rf1 Nf5 40. Rxf5+ Rxf5 41. gxf5 Rxg2+ 42. Kxg2 Kxf5 43. Kf2 Kf4 44. h4 h5 45. Ke2 c5 46. Kd2 Kf3 47. Ke1 Ke3 48. c4 bxc4 49. a4 c3 50. Kd1 Kd3 51. Ke1 c2 52. Kf2 c1Q 53. a5 Qe3+ 54. Kg2 Qf3+ 55. Kg1 Ke2 56. Kh2 Qg4 57. Kh1 Kf2 58. Kh2 Qg2# 0-1

[Event "GER-ch Schools U18 Girls"]
[Site "Germany"]
[Date "2010.05.09"]
[Round "7.3"]
[White "Kauselmann, Laura"]
[Black "Sauer, Annika"]
[Result "0-1"]
[WhiteElo "899"]
[BlackElo "1033"]
[PlyCount "80"]
[EventDate "2010.05.07"]
[EventType "team-swiss"]
[EventRounds "7"]
[EventCountry "GER"]
[SourceTitle "EXT 2011"]
[Source "ChessBase"]
[SourceDate "2010.11.26"]
[SourceVersion "1"]
[SourceVersionDate "2010.11.26"]
[SourceQuality "1"]
[WhiteTeam "Koenigsbach KMG (W)"]
[BlackTeam "Leegebruch (W)"]
[WhiteTeamCountry "GER"]
[BlackTeamCountry "GER"]

1. e4 e5 2. Nf3 Nc6 3. Nc3 Bc5 4. Bc4 d6 5. h3 Nf6 6. d3 0-0 7. 0-0 Be6 8. Bg5 h6 9. Bh4 Na5 10. b3 Nxc4 11. bxc4 c6 12. Rb1 b6 13. Bg3 Nh5 14. Bh2 Qf6 15. Na4 Qg6 16. g4 Nf4 17. Bxf4 exf4 18. Nxc5 bxc5 19. Qd2 f5 20. exf5 Rxf5 21. Nh4 Qg5 22. Nxf5 Bxf5 23. Qe2 Bg6 24. Qe6+ Kh7 25. Rb7 Rg8 26. Re1 Re8 27. Qd7 Rxe1+ 28. Kh2 Qf6 29. Rxa7 Rf1 30. Kg2 Re1 31. Kf3 Rc1 32. h4 Rxc2 33. g5 Qd4 34. Kg4 f3+ 35. Kg3 Qxf2+ 36. Kf4 Qh2+ 37. Ke3 Re2+ 38. Kxf3 Qg2+ 39. Kf4 Rf2+ 40. Ke3 Qf3# 0-1